| 000 | 00545nam a2200217Ia 4500 | ||
|---|---|---|---|
| 005 | 20250425161326.0 | ||
| 008 | 250425s9999 xx 000 0 und d | ||
| 020 | _a0201625148 | ||
| 041 | _aspa | ||
| 082 | _a005.77 | ||
| 100 | _aGARCIA APARICIO, ENRIQUE | ||
| 245 | 0 | _aLOTUS 1 2 3: GUIA PRACTICA VERSIONES 2.2, 2.3 Y 3 | |
| 250 | _a1A ED. | ||
| 260 |
_aEstados Unidos _bADDISON - WESLEY _c1992 |
||
| 260 | _aWILMINGTON | ||
| 300 | _a336 | ||
| 650 | _aHOJA DE CALCULO | ||
| 650 | _aLOTUS 1-2-3 | ||
| 942 | _c01 | ||
| 010 | _a17789 | ||
| 999 |
_c206965 _d206965 |
||